[Event "Norway Chess 2024"]
[Site "Stavanger, Norway"]
[Date "2024.06.04"]
[Round "15.3"]
[White "Firouzja, Alireza"]
[Black "Nakamura, Hikaru"]
[Result "1/2-1/2"]
[WhiteElo "2737"]
[BlackElo "2794"]
[Annotator "Stockfish 16.1 - Chessbase"]
[PlyCount "112"]
[GameId "2053142232258797"]
[EventDate "2024.??.??"]

1. e4 {[%eval 15,0] Stockfish 16.1} e5 {[%eval 17,0]} 2. Nf3 {[%eval 11,0]} Nc6 {[%eval 19,0]} 3. Bc4 {[%eval 1,0]} Nf6 {[%eval 15,0]} 4. d3 {[%eval 9,0]} h6 {[%eval 27,0]} 5. c3 {[%eval 19,0]} Bc5 {[%eval 26,0]} 6. b4 {[%eval 22,0]} Be7 {[%eval 34,0]} 7. Qb3 {[%eval 26,0]} ({RR} 7. O-O O-O 8. Re1 d6 9. Nbd2 Nh7 10. a4 Ng5 11. b5 Nb8 12. d4 Bg4 13. h3 Bh5 14. Be2 Nxf3+ 15. Bxf3 Bxf3 16. Nxf3 a6 17. Be3 axb5 18. axb5 Rxa1 19. Qxa1 Nd7 20. Qa7 Qb8 21. Ra1 exd4) 7... O-O {[%eval 42,0]} 8. a4 {[%eval 3,0]} d6 {[%eval 29,0]} 9. O-O $146 {[%eval 28,0]} ({RR} 9. Nbd2 Nb8 10. d4 exd4 11. cxd4 a5 12. e5 Nh5 13. b5 Nf4 14. g3 d5 15. Bf1 Ne6 ({RR} 15... Nh3 16. Ba3 c6 17. Bd3 f6 18. Bb1 fxe5 19. Nxe5 Bxa3 20. Rxa3 Rxf2 21. Rf1 Rxf1+ 22. Kxf1 Qf6+) 16. Bg2 c6 17. O-O Nd7 18. Bb2 Nb6 19. bxc6 bxc6 20. Bc3 c5 21. Rfb1 Ra6 22. dxc5 Bxc5 23. Qb5 Qc7 {0-1 Firouzja,A (2760)-Nakamura,H (2789) FIDE Candidates 2024 Toronto CAN (5.2)}) ({RR} 9. Nbd2 Nb8 10. d4 exd4 11. cxd4 a5 12. e5 Nh5 13. b5 Nf4 14. g3 d5 15. Bf1 Ne6 16. Bg2 c6 17. O-O Nd7 18. Bb2 Nb6 19. bxc6 bxc6 20. Bc3 c5 21. Rfb1 Ra6 22. dxc5 Bxc5 23. Qb5 Qc7 {0-1 Firouzja,A (2760)-Nakamura,H (2789) FIDE Candidates 2024 Toronto, Canada (5.2)}) ({RR} 9. h3 Nb8 10. Qa2 c6 11. Bb3 a5 12. O-O Nbd7 13. Ba3 Nh5 14. d4 Nf4 15. Rd1) 9... Nb8 {[%eval 29,0]} ({RR} 9... Bg4 10. Nbd2 Qd7 11. Re1 Rad8 12. h3 Be6 13. Bd5 Nb8 14. d4 Bxd5 15. exd5 Rfe8 16. c4 exd4 17. Nxd4 c6 18. Bb2 cxd5 19. cxd5 Na6 20. Nf1 Nc7 21. Ne3 Ne4 22. Ndf5 Bf6 23. f3 Bxb2) 10. Qa2 {[%eval 26,0]} ({RR} 10. Qc2 c6 11. Bb3 Nbd7 12. d4 a5 13. Nbd2 exd4 14. Nxd4 d5 15. exd5 cxd5 16. Nf5 Re8 17. Nxe7+ Qxe7 18. Ba3 Ne5 19. bxa5 Qc7 20. c4 d4 21. Rfe1 Bg4 22. c5 d3 23. Qc3 Be2) 10... a5 {[%eval 24,0]} 11. b5 {[%eval 32,0]} Bg4 {[%eval 48,0]} 12. Nh4 {[%eval 47,0]} d5 {[%eval 62,0]} 13. exd5 {[%eval 73,0]} Bd6 {[%eval 66,0]} 14. f3 {[%eval 77,0]} Bc8 {[%eval 7,0]} 15. g3 {[%eval 25,0]} Bh3 {[%eval 25,0]} 16. Ng2 {[%eval 18,0]} Nbd7 {[%eval 5,0]} 17. Be3 {[%eval 12,0]} Nh5 {[%eval 15,0]} 18. g4 $6 {[%eval 72,0] Inaccuracy. Na3 was best.} (18. Na3) 18... Nf4 {[%eval 64,0]} 19. Bxf4 {[%eval 76,0]} exf4 {[%eval 76,0]} 20. Nd2 {[%eval 66,0]} h5 {[%eval 77,0]} 21. gxh5 {[%eval 63,0]} f5 $6 {[%eval 0,0] Inaccuracy. Re8 was best.} (21... Re8 22. d4 Qg5 23. Ne4 Qxh5 24. Qf2 Qh6 25. Bd3 Rad8 26. Rae1 g5 27. Kh1) 22. d4 {[%eval 0,0]} Qg5 {[%eval 0,0]} 23. Rf2 {[%eval 0,0]} Rae8 {[%eval 4,0]} 24. b6 $6 {[%eval 62,0] Inaccuracy. Bf1 was best.} (24. Bf1 Nf6) 24... Nxb6 {[%eval -98,0]} 25. Bb5 {[%eval 92,0]} Re3 {[%eval 92,0]} 26. c4 {[%eval 72,0]} Bb4 {[%eval 67,0]} 27. c5 $2 {[%eval -171,0] Mistake. Kh1 was best.} (27. Kh1) 27... Ra3 {[%eval -175,0]} 28. Qb1 {[%eval -183,0]} Rxa1 {[%eval -194,0]} 29. Qxa1 {[%eval -199,0]} Nxd5 {[%eval -194,0]} 30. Bc4 {[%eval -24,0]} Rd8 $6 {[%eval 85,0] Inaccuracy. c6 was best.} (30... c6 31. Qe1 Qxh5 32. Qe5 Re8 33. Qxf4 Bc3 34. Nf1 Qf7 35. Qh4 Bxg2 36. Rxg2) 31. Qe1 {[%eval 95,0]} Kh7 {[%eval 65,0]} 32. Qe5 {[%eval -97,0]} Bxd2 $6 {[%eval 12,0] Inaccuracy. Nc3 was best.} (32... Nc3 33. Qxf4 Qf6 34. Nb3 b5 35. cxb6 cxb6 36. Qg3 Bxg2 37. Kxg2 Bd6 38. f4) 33. Rxd2 {[%eval 1,0]} Ne3 {[%eval 8,0]} 34. Qxf4 {[%eval 1,0]} Qxf4 {[%eval 3,0]} 35. Nxf4 {[%eval 6,0]} Nxc4 {[%eval 1,0]} 36. Re2 {[%eval 6,0]} Rxd4 {[%eval 12,0]} 37. Nxh3 {[%eval 25,0]} Kh6 {[%eval 4,0]} 38. Re7 {[%eval 5,0]} Nd2 {[%eval 1,0]} 39. Kg2 {[%eval 1,0]} Rxa4 {[%eval 0,0]} 40. Rxc7 {[%eval 1,0]} Rb4 {[%eval 0,0]} 41. c6 {[%eval 3,0]} bxc6 {[%eval 1,0]} 42. Rxc6+ {[%eval 1,0]} Kxh5 {[%eval 1,0]} 43. Rc5 {[%eval 5,0]} Nc4 {[%eval 0,0]} 44. Rxf5+ {[%eval 0,0]} Kh6 {[%eval 0,0]} 45. Rc5 {[%eval 0,0]} a4 {[%eval 0,0]} 46. Nf4 {[%eval 0,0]} Ne3+ {[%eval 0,0]} 47. Kf2 {[%eval 0,0]} Nd1+ {[%eval 5,0]} 48. Kg3 {[%eval 0,0]} Kh7 {[%eval 0,0]} 49. Rh5+ {[%eval 0,0]} Kg8 {[%eval 0,0]} 50. Ra5 {[%eval 8,0]} Nb2 {[%eval 0,0]} 51. Ra8+ {[%eval 0,0]} Kf7 {[%eval 5,0]} 52. Ra7+ {[%eval 4,0]} Kg8 {[%eval 11,0]} 53. Ne6 {[%eval 12,0]} Rb6 {[%eval 9,0]} 54. Nc5 {[%eval 0,0]} Rg6+ {[%eval 0,0]} 55. Kf2 {[%eval 2,0]} Rh6 {[%eval 0,0]} 56. Nxa4 {[%eval 0,0]} Nxa4 {[%eval 0,0]} 1/2-1/2

[Event "Norway Chess 2024"]
[Site "Stavanger, Norway"]
[Date "2024.06.04"]
[Round "16.1"]
[White "Carlsen, Magnus"]
[Black "Praggnanandhaa R"]
[Result "1-0"]
[WhiteElo "2830"]
[BlackElo "2747"]
[Annotator "Stockfish 16.1 - Chessbase"]
[PlyCount "133"]
[GameId "2053142232258798"]
[EventDate "2024.??.??"]

1. d4 {[%eval 17,0]} Nf6 {[%eval 17,0]} 2. Bf4 {[%eval 5,0]} d5 {[%eval 12,0]} 3. e3 {[%eval 3,0]} Bf5 {[%eval 16,0]} 4. c4 {[%eval 13,0]} e6 {[%eval 17,0]} 5. Nc3 {[%eval 7,0]} ({RR} 5. Qb3 Nbd7 6. Nc3 dxc4 7. Bxc4 Nb6 8. Be2 a5 9. a3 c6 10. Bg5 Be7 11. f3 a4 12. Qd1 Nfd7 13. Bxe7 Qxe7 14. e4 Bg6 15. Nh3 O-O 16. O-O f6 17. f4 e5 18. dxe5 fxe5 19. f5 Bf7 {1-0 Maghsoodloo,P (2715)-Praggnanandhaa,R (2747) 6th Prague Masters 2024 Prague CZE (2.5)}) 5... Bd6 {[%eval 3,0]} 6. Bxd6 {[%eval 3,0]} Qxd6 {[%eval 24,0]} 7. Qb3 $146 {[%eval 25,0]} ({RR} 7. cxd5 exd5 8. Qb3 b6 9. Nf3 O-O 10. Be2 Nbd7 11. O-O c6 12. Rac1 Rac8 13. Qa4 Rc7 14. h3 Ne4 15. Nxe4 Bxe4 16. Rfd1 Bxf3 17. Bxf3 Re8 18. Rc3 Re6 19. Rdc1 g6 20. b4 b5 21. Qa6 Nb6 {1-0 Timerkhanov,A (2308)-Khazhatuly,A (1958) Titled Tue 6th Feb Early chess.com INT 2024 (4)}) 7... b6 {[%eval 34,0]} 8. Nf3 {[%eval 26,0]} O-O {[%eval 36,0]} 9. Be2 {[%eval 28,0]} dxc4 {[%eval 32,0]} 10. Qxc4 {[%eval 26,0]} a6 {[%eval 27,0]} 11. O-O {[%eval 33,0]} Nbd7 {[%eval 31,0]} 12. Rfd1 {[%eval 27,0]} b5 {[%eval 27,0]} 13. Qb3 {[%eval 3,0]} c5 {[%eval 35,0]} 14. dxc5 {[%eval 32,0]} Qxc5 {[%eval 32,0]} 15. Nd4 {[%eval 27,0]} Bg6 {[%eval 26,0]} 16. Bf3 {[%eval 14,0]} Ra7 $6 {[%eval 76,0] Inaccuracy. Bh5 was best.} (16... Bh5 17. Bxh5 Qxh5 18. Rac1 Rfc8 19. Nce2 Rxc1 20. Rxc1 Qd5 21. Qa3 h6 22. h3) 17. Rac1 {[%eval 71,0]} Qg5 {[%eval 96,0]} 18. Nc6 $6 {[%eval 18,0] Inaccuracy. Qa3 was best.} (18. Qa3 Ne5 19. Be2 Qh4 20. h3 Rd7 21. Qxa6 b4 22. Na4 Ne4 23. Rf1 Qg5) 18... Ne5 {[%eval 22,0]} 19. Nxe5 {[%eval 24,0]} Qxe5 {[%eval 22,0]} 20. a4 {[%eval 9,0]} bxa4 {[%eval 12,0]} 21. Qb6 {[%eval 0,0]} Qb8 {[%eval 3,0]} 22. Nxa4 {[%eval 9,0]} h6 {[%eval 1,0]} 23. Be2 {[%eval 0,0]} Nd5 {[%eval 33,0]} 24. Qd4 {[%eval 23,0]} a5 {[%eval 39,0]} 25. Nc5 {[%eval 43,0]} Qb6 {[%eval 39,0]} 26. Bf3 {[%eval 41,0]} Rb8 {[%eval 44,0]} 27. Bxd5 {[%eval 29,0]} exd5 {[%eval 14,0]} 28. b3 {[%eval 21,0]} Rc7 {[%eval 56,0]} 29. Ne6 {[%eval 55,0]} Qxd4 {[%eval 56,0]} 30. Nxd4 {[%eval 44,0]} Rbc8 {[%eval 58,0]} 31. Ra1 {[%eval 64,0]} Bc2 $6 {[%eval 137,0] Inaccuracy. Ra8 was best.} (31... Ra8 32. h4 f6 33. Ra3 Be8 34. Rda1 Rca7 35. Rc1 a4 36. bxa4 Rxa4 37. Rxa4) 32. Rdc1 $6 {[%eval 69,0] Inaccuracy. Rf1 was best.} (32. Rf1 Rc5 33. h3 g6 34. Ra3 Bf5 35. Kh2 Bd7 36. Rfa1 a4 37. bxa4 Ra5) 32... Bd3 $6 {[%eval 153,0] Inaccuracy. Bg6 was best.} (32... Bg6 33. Rf1 Ra7 34. Ra3 f6 35. h4 Be8 36. Rfa1 Rca8 37. Ne2 Kh7 38. Kh2) 33. Rxc7 $6 {[%eval 7,0] Inaccuracy. Re1 was best.} (33. Re1 Rc5) 33... Rxc7 {[%eval 76,0]} 34. f3 {[%eval 52,0]} Rc5 {[%eval 55,0]} 35. Kf2 {[%eval 21,0]} h5 {[%eval 21,0]} 36. Ke1 {[%eval 2,0]} g6 {[%eval 27,0]} 37. Kd2 {[%eval 12,0]} Bf5 {[%eval 17,0]} 38. Rc1 {[%eval 4,0]} Rxc1 {[%eval 3,0]} 39. Kxc1 {[%eval 5,0]} Bd7 {[%eval 7,0]} 40. Kb2 {[%eval 0,0]} Kf8 {[%eval 0,0]} 41. Kc3 {[%eval 2,0]} Ke7 {[%eval 1,0]} 42. Ne2 {[%eval 0,0]} Kd6 {[%eval 0,0]} 43. Kd4 {[%eval 0,0]} a4 {[%eval 5,0]} 44. bxa4 {[%eval 0,0]} Bxa4 {[%eval 0,0]} 45. Nf4 {[%eval 15,0]} Bb3 {[%eval 12,0]} 46. h4 {[%eval 1,0]} Ba2 {[%eval 1,0]} 47. g4 {[%eval 1,0]} hxg4 {[%eval 14,0]} 48. fxg4 {[%eval 0,0]} Ke7 {[%eval 38,0]} 49. Nxd5+ {[%eval 39,0]} Ke6 {[%eval 45,0]} 50. e4 {[%eval 33,0]} Bb3 {[%eval 35,0]} 51. Nf4+ {[%eval 39,0]} Kf6 {[%eval 44,0]} 52. g5+ {[%eval 44,0]} Kg7 {[%eval 34,0]} 53. Ke5 {[%eval 34,0]} Bc2 {[%eval 35,0]} 54. Nd5 {[%eval 44,0]} Bd3 $4 {[%eval 577,0] Blunder. Kf8 was best.} (54... Kf8 55. Nb4 Bb1 56. Kd4 Ke7 57. Kd5 Ke8 58. Na6 Ke7 59. Ke5 Ke8 60. Nb8) 55. Nf6 {[%eval 647,0]} Kf8 {[%eval 638,0]} 56. Kd6 {[%eval 583,0]} Bb1 $6 {[%eval 808,0] Inaccuracy. Bb5 was best.} (56... Bb5 57. e5 Ba4 58. Nd7+ Ke8 59. e6 fxe6 60. Ne5 Kf8 61. Nxg6+ Kg7 62. Ne5) 57. Kd7 {[%eval 791,0]} Bc2 {[%eval 909,0]} 58. Kd8 {[%eval 858,0]} Bb1 {[%eval 909,0]} 59. Nd7+ {[%eval 909,0]} Kg7 {[%eval 900,0]} 60. e5 {[%eval 698,0]} Bf5 $4 {[%eval 32692,0] Checkmate is now unavoidable. Ba2 was best.} (60... Ba2 61. Ke7 Bc4 62. Nf6 Bb3 63. Ne8+ Kg8 64. Nd6 Kg7 65. Nb7 Ba2 66. Nd8) 61. Ke7 {[%eval 32686,0]} Bb1 {[%eval 1185,0]} 62. Nc5 {[%eval 1169,0]} Bc2 $6 {[%eval 32712,0] Checkmate is now unavoidable. Kg8 was best.} (62... Kg8 63. Nb7 Kg7 64. Nd6 Ba2 65. Nxf7 Bxf7 66. e6 Bg8 67. Kd7 Kh7 68. e7) 63. Nb7 {[%eval 32714,0]} Bb1 {[%eval 32714,0]} 64. Nd6 {[%eval 32710,0]} Ba2 {[%eval 32710,0]} 65. Nxf7 {[%eval 32726,0]} Bxf7 {[%eval 32726,0]} 66. e6 {[%eval 32726,0]} Bg8 {[%eval 32726,0]} 67. Kd7 {[%eval 32716,0]} 1-0

[Event "Norway Chess 2024"]
[Site "Stavanger, Norway"]
[Date "2024.06.04"]
[Round "16.2"]
[White "Ding, Liren"]
[Black "Caruana, Fabiano"]
[Result "1/2-1/2"]
[WhiteElo "2762"]
[BlackElo "2805"]
[Annotator "Stockfish 16.1 - Chessbase"]
[PlyCount "58"]
[GameId "2053142232262895"]
[EventDate "2024.??.??"]

1. c4 {[%eval 13,0]} Nf6 {[%eval 21,0]} 2. g3 {[%eval 1,0]} e6 {[%eval 2,0]} 3. Bg2 {[%eval 12,0]} d5 {[%eval 15,0]} 4. Nf3 {[%eval 13,0]} Be7 {[%eval 25,0]} 5. O-O {[%eval 34,0]} O-O {[%eval 2,0]} 6. b3 {[%eval 1,0]} c5 {[%eval 17,0]} 7. cxd5 {[%eval 12,0]} Nxd5 {[%eval 16,0]} 8. Nc3 {[%eval 21,0]} Nc6 {[%eval 2,0]} 9. Bb2 {[%eval 14,0]} b6 {[%eval 22,0]} 10. Nxd5 {[%eval 0,0]} exd5 {[%eval 0,0]} 11. d4 {[%eval 0,0]} Be6 $146 {[%eval 1,0]} ({RR} 11... Bb7 12. Rc1 Rc8 13. Qd3 Bf6 14. Rfd1 Qe7 15. e3 Rfd8 16. Qb1 h6 17. Ba3 Nb4 18. Bxb4 cxb4 19. Qb2 g6 20. Ne1 Kg7 21. Nd3 a5 22. Nf4 Qd6 23. Rxc8 Rxc8 24. Rc1 Rc6 25. Rxc6 Bxc6 26. Qe2 {1-0 Mitrabha,G (2508)-Gurel,E (2560) World Blitz 2023 Samarkand UZB (9.45)}) ({RR} 11... Ba6 12. Rc1 Rc8 13. Bh3 Rc7 14. Qd2 c4 15. Rfd1 b5 16. Ne5 b4 17. bxc4 Nxe5 18. dxe5 dxc4 19. Qe3 Qb8 20. Bd4 c3 21. a3 Qb5 22. axb4 Bxb4 23. Bxc3 Rxc3 24. Rxc3 Bxc3 25. Qxc3 Qxe2 26. Ra1 {0-1 Le Quang Long (2413)-Manukyan,S (2216) Titled Tue 30th Jan Early chess.com INT 2024 (11)}) 12. Rc1 {[%eval 4,0]} Rc8 {[%eval 9,0]} 13. Qd2 {[%eval 11,0]} h6 {[%eval 5,0]} 14. Rfd1 {[%eval 1,0]} Qd7 {[%eval 34,0]} 15. dxc5 {[%eval 23,0]} bxc5 {[%eval 29,0]} 16. Ne1 {[%eval 27,0]} Rfd8 $6 {[%eval 105,0] Inaccuracy. Nb4 was best.} (16... Nb4 17. a3 Nc6 18. Nd3 Nd4 19. Nxc5 Bxc5 20. Bxd4 Bxa3 21. Ra1 Bc5 22. Ra5) 17. Nd3 {[%eval 113,0]} c4 {[%eval 102,0]} 18. Nf4 {[%eval 115,0]} Bb4 {[%eval 146,0]} 19. Qc2 {[%eval 161,0]} Na5 {[%eval 212,0]} 20. Bxd5 {[%eval 177,0]} cxb3 $6 {[%eval 274,0] Inaccuracy. Bf5 was best.} (20... Bf5 21. Be4 Bxe4 22. Qxe4 Qxd1+ 23. Rxd1 Rxd1+ 24. Kg2 c3 25. Bxc3 Bxc3 26. Nd5) 21. Bxe6 $4 {[%eval 9,0] Blunder. Qe4 was best.} (21. Qe4 Rxc1 22. Bxc1 Qe7 23. Nxe6 Re8 24. axb3 fxe6 25. Bc6 Nxc6 26. Qxc6 Bc5) 21... Rxc2 {[%eval 12,0]} 22. Rxd7 {[%eval 0,0]} Rxd7 {[%eval 0,0]} 23. Bxd7 {[%eval 0,0]} Rxc1+ {[%eval 0,0]} 24. Bxc1 {[%eval 0,0]} bxa2 {[%eval 0,0]} 25. Bb2 {[%eval 0,0]} Ba3 {[%eval 0,0]} 26. Bc3 {[%eval 0,0]} Bb4 {[%eval 0,0]} 27. Bb2 {[%eval 0,0]} Ba3 {[%eval 0,0]} 28. Bc3 {[%eval 0,0]} Bb4 {[%eval 0,0]} 29. Bb2 {[%eval 0,0]} Ba3 {[%eval 0,0]} 1/2-1/2

[Event "Norway Chess 2024"]
[Site "Stavanger, Norway"]
[Date "2024.06.04"]
[Round "16.3"]
[White "Firouzja, Alireza"]
[Black "Nakamura, Hikaru"]
[Result "1-0"]
[WhiteElo "2737"]
[BlackElo "2794"]
[Annotator "Stockfish 16.1 - Chessbase"]
[PlyCount "80"]
[GameId "2053142232266992"]
[EventDate "2024.??.??"]

1. e4 {[%eval 15,0] Stockfish 16.1} e5 {[%eval 17,0]} 2. Nf3 {[%eval 11,0]} Nc6 {[%eval 19,0]} 3. Bc4 {[%eval 1,0]} Nf6 {[%eval 15,0]} 4. d3 {[%eval 9,0]} h6 {[%eval 27,0]} 5. c3 {[%eval 19,0]} Bc5 {[%eval 26,0]} 6. b4 {[%eval 22,0]} Be7 {[%eval 34,0]} 7. Qb3 {[%eval 26,0]} ({RR} 7. O-O O-O 8. Re1 d6 9. Nbd2 Nh7 10. a4 Ng5 11. b5 Nb8 12. d4 Bg4 13. h3 Bh5 14. Be2 Nxf3+ 15. Bxf3 Bxf3 16. Nxf3 a6 17. Be3 axb5 18. axb5 Rxa1 19. Qxa1 Nd7 20. Qa7 Qb8 21. Ra1 exd4) 7... O-O {[%eval 42,0]} 8. a4 {[%eval 26,0]} d6 {[%eval 21,0]} 9. O-O $146 {[%eval 28,0]} ({RR} 9. Nbd2 Nb8 10. d4 exd4 11. cxd4 a5 12. e5 Nh5 13. b5 Nf4 14. g3 d5 15. Bf1 Ne6 ({RR} 15... Nh3 16. Ba3 c6 17. Bd3 f6 18. Bb1 fxe5 19. Nxe5 Bxa3 20. Rxa3 Rxf2 21. Rf1 Rxf1+ 22. Kxf1 Qf6+) 16. Bg2 c6 17. O-O Nd7 18. Bb2 Nb6 19. bxc6 bxc6 20. Bc3 c5 21. Rfb1 Ra6 22. dxc5 Bxc5 23. Qb5 Qc7 {0-1 Firouzja,A (2760)-Nakamura,H (2789) FIDE Candidates 2024 Toronto CAN (5.2)}) ({RR} 9. Nbd2 Nb8 10. d4 exd4 11. cxd4 a5 12. e5 Nh5 13. b5 Nf4 14. g3 d5 15. Bf1 Ne6 16. Bg2 c6 17. O-O Nd7 18. Bb2 Nb6 19. bxc6 bxc6 20. Bc3 c5 21. Rfb1 Ra6 22. dxc5 Bxc5 23. Qb5 Qc7 {0-1 Firouzja,A (2760)-Nakamura,H (2789) FIDE Candidates 2024 Toronto, Canada (5.2)}) ({RR} 9. h3 Nb8 10. Qa2 c6 11. Bb3 a5 12. O-O Nbd7 13. Ba3 Nh5 14. d4 Nf4 15. Rd1) 9... Nb8 {[%eval 28,0]} ({RR} 9... Bg4 10. Nbd2 Qd7 11. Re1 Rad8 12. h3 Be6 13. Bd5 Nb8 14. d4 Bxd5 15. exd5 Rfe8 16. c4 exd4 17. Nxd4 c6 18. Bb2 cxd5 19. cxd5 Na6 20. Nf1 Nc7 21. Ne3 Ne4 22. Ndf5 Bf6 23. f3 Bxb2) 10. Qa2 {[%eval 39,0]} ({RR} 10. Qc2 c6 11. Bb3 Nbd7 12. d4 a5 13. Nbd2 exd4 14. Nxd4 d5 15. exd5 cxd5 16. Nf5 Re8 17. Nxe7+ Qxe7 18. Ba3 Ne5 19. bxa5 Qc7 20. c4 d4 21. Rfe1 Bg4 22. c5 d3 23. Qc3 Be2) 10... a5 {[%eval 32,0]} 11. b5 {[%eval 37,0]} c6 {[%eval 35,0]} 12. Nbd2 {[%eval 32,0]} Bg4 {[%eval 46,0]} 13. h3 {[%eval 44,0]} Bh5 {[%eval 41,0]} 14. Re1 {[%eval 47,0]} d5 $6 {[%eval 115,0] Inaccuracy. Nbd7 was best.} (14... Nbd7) 15. exd5 {[%eval 134,0]} cxd5 {[%eval 145,0]} 16. Bb3 {[%eval 132,0]} Nbd7 {[%eval 127,0]} 17. Nxe5 {[%eval 72,0]} Nxe5 {[%eval 75,0]} 18. Rxe5 {[%eval 81,0]} Bd6 {[%eval 69,0]} 19. Re1 {[%eval 56,0]} Qd7 {[%eval 101,0]} 20. Ba3 {[%eval 107,0]} Rac8 {[%eval 162,0]} 21. c4 {[%eval 171,0]} Bg6 {[%eval 194,0]} 22. d4 {[%eval 183,0]} Bxa3 {[%eval 206,0]} 23. Qxa3 {[%eval 211,0]} dxc4 {[%eval 202,0]} 24. Nxc4 {[%eval 201,0]} Qxd4 {[%eval 201,0]} 25. Rad1 {[%eval 158,0]} Qf4 {[%eval 168,0]} 26. Qd6 {[%eval 182,0]} Qxd6 {[%eval 107,0]} 27. Rxd6 {[%eval 107,0]} Bc2 {[%eval 165,0]} 28. Ba2 $2 {[%eval 0,0] Mistake. Nxa5 was best.} (28. Nxa5 Bxb3 29. Nxb3 Rc4 30. Rd4 Rxd4 31. Nxd4 Ra8 32. Ra1 b6 33. Nc6 Nd7) 28... Ne4 $6 {[%eval 56,0] Inaccuracy. Bxa4 was best.} (28... Bxa4 29. Rb6 Rc7 30. Nd6 Nd7 31. Rxb7 Rxb7 32. Nxb7 Rb8 33. Nd6 Kf8 34. Re3) 29. Rd7 {[%eval 51,0]} Nc5 {[%eval 68,0]} 30. Rde7 {[%eval 69,0]} Nd3 $2 {[%eval 235,0] Mistake. Bxa4 was best.} (30... Bxa4) 31. R1e3 $2 {[%eval 97,0] Mistake. Ra1 was best.} (31. Ra1 Kh7 32. Rxb7 Nb4 33. Nd6 Rcd8 34. Nxf7 Rd2 35. Be6 Re8 36. Bg4 Bg6) 31... Nb4 {[%eval 92,0]} 32. Nd6 {[%eval 89,0]} Rcd8 $4 {[%eval 379,0] Blunder. Nxa2 was best.} (32... Nxa2 33. Nxc8) 33. Bxf7+ {[%eval 379,0]} Rxf7 {[%eval 369,0]} 34. Nxf7 {[%eval 368,0]} Rd1+ {[%eval 368,0]} 35. Kh2 {[%eval 366,0]} Nd5 {[%eval 306,0]} 36. Nxh6+ {[%eval 359,0]} gxh6 $6 {[%eval 469,0] Inaccuracy. Kh7 was best.} (36... Kh7 37. Ng4 Nxe7 38. Rxe7 b6 39. Ne3 Re1 40. Re6 Bxa4 41. Rxb6 Rb1 42. Nc4) 37. Rg3+ {[%eval 476,0]} Kf8 {[%eval 483,0]} 38. Rxb7 {[%eval 474,0]} Bxa4 {[%eval 408,0]} 39. Rg6 {[%eval 476,0]} Ne7 {[%eval 492,0]} 40. Re6 {[%eval 493,0]} Nc8 {[%eval 500,0]} 1-0

[Event "Norway Chess 2024"]
[Site "Stavanger, Norway"]
[Date "2024.06.06"]
[Round "17.1"]
[White "Firouzja, Alireza"]
[Black "Carlsen, Magnus"]
[Result "1/2-1/2"]
[WhiteElo "2737"]
[BlackElo "2830"]
[Annotator "Stockfish 16.1 - Chessbase"]
[PlyCount "62"]
[GameId "2053945023066022"]
[EventDate "2024.??.??"]

{[%evp 0,62,18,43,24,15,25,17,7,7,-3,-6,13,-38,-10,-29,-25,-22,-8,6,29,17,22,12,14,-8,16,8,42,51,40,38,44,50,40,42,62,40,40,27,38,-9,-10,-3,-12,-10,-13,-2,-9,-30,-19,-17,-13,-19,-31,-25,-13,-46,-47,-40,-22,-28,0,-15,6]} 1. e4 e5 2. Nf3 Nc6 3. Bc4 Bc5 4. d3 Nf6 5. Bg5 h6 6. Bh4 d6 7. c3 a6 8. Nbd2 Ba7 9. O-O Qe7 10. b4 Be6 11. a4 O-O 12. Rb1 $146 ({RR} 12. b5 Nb8 13. Bxe6 Qxe6 14. Re1 axb5 15. axb5 Nbd7 16. Qb3 Qxb3 17. Nxb3 Bb6 18. Bxf6 Nxf6 19. Nfd2 Nd7 20. Nc4 Nc5 21. Nxc5 {½-½ Makarian,R (2525)-Petrosyan,M (2620) Aeroflot Open A 2024 Moscow RUS (7.8)}) 12... Bxc4 13. Nxc4 Qe6 14. Bxf6 Qxf6 15. b5 axb5 16. Rxb5 Nd8 17. d4 c6 18. Rb1 exd4 19. cxd4 Ne6 20. Nb6 Bxb6 21. Rxb6 (21. Rb5) 21... Ra7 22. d5 cxd5 23. Qxd5 Rxa4 24. Qxb7 Nd4 25. Nxd4 Rxd4 26. Rb3 Re8 27. Re3 Qg6 28. Rfe1 d5 29. e5 Qe6 30. h3 Rc4 31. Rd3 Re4 1/2-1/2

[Event "Norway Chess 2024"]
[Site "Stavanger, Norway"]
[Date "2024.06.06"]
[Round "17.2"]
[White "Nakamura, Hikaru"]
[Black "Ding, Liren"]
[Result "1/2-1/2"]
[WhiteElo "2794"]
[BlackElo "2762"]
[Annotator "Stockfish 16.1 - Chessbase"]
[PlyCount "159"]
[GameId "2053945023139751"]
[EventDate "2024.??.??"]

{[%evp 0,159,18,18,22,-10,0,-11,4,28,31,28,29,25,20,20,33,26,36,35,36,32,36,-3,10,-1,49,9,4,-30,15,-11,-21,-24,-20,-39,-27,-13,-25,-34,-15,-49,-22,-24,-34,-28,-34,-38,-29,-65,-49,-27,-38,-33,-21,-15,-27,-42,0,-15,-19,-25,-19,-18,6,-17,-6,-19,-2,19,14,14,66,88,88,92,94,93,94,96,93,94,96,99,95,95,95,106,110,103,110,109,114,114,114,114,115,113,121,106,113,113,113,108,116,121,121,121,122,97,122,116,122,122,121,96,107,107,104,101,112,113,113,93,114,64,106,104,101,101,101,98,101,98,106,87,85,77,79,77,83,67,67,64,72,14,1,1,1,0,0,0,0,0,0,0,0,0,0,0,0,0]} 1. d4 Nf6 2. c4 e6 3. Nc3 Bb4 4. e3 O-O 5. Bd2 d5 6. Nf3 b6 7. cxd5 exd5 8. Bd3 Bd6 9. Nb5 Be7 10. O-O $146 ({RR} 10. Rc1 c6 11. Nc3 c5 12. Ne5 Bb7 13. f4 Nc6 14. Ne2 Ne4 15. O-O Rc8 16. Be1 f6 17. Nf3 f5 18. Ne5 c4 19. Bb1 b5 20. Rf3 g6 21. Ng3 a6 22. Kh1 {½-½ Brett,A (2085)-Zhang,J (1763) 2nd Cambridge Int Open Cambridge ENG 2024 (9.31)}) 10... c5 11. Ne5 Bb7 12. Rc1 Re8 13. Nc3 Nc6 14. Ne2 Rc8 15. Bc3 Nxe5 16. dxe5 Ne4 17. Be1 c4 18. Bxe4 dxe4 19. Bc3 b5 20. Bd4 a5 21. Nf4 Bc5 22. Bxc5 Qxd1 23. Rfxd1 Rxc5 24. h4 Rcxe5 25. a4 Bc6 26. Rd6 Rc8 27. axb5 Bxb5 28. Ne2 Kf8 29. Ra1 a4 30. Nc3 Be8 31. Rb6 h5 32. Rb4 g6 33. Ra2 Kg7 34. Nxa4 Bxa4 35. Raxa4 c3 36. bxc3 Rxc3 37. Rxe4 Rxe4 38. Rxe4 Rc2 39. Rf4 Ra2 40. Kh2 Rb2 41. Kg3 Ra2 42. Rd4 Re2 43. Kf3 Ra2 44. e4 Ra3+ 45. Kf4 Ra2 46. Ke3 Ra3+ 47. Rd3 Ra4 48. g3 Ra1 49. Rd7 Re1+ 50. Kf4 Re2 51. f3 Re1 52. Ra7 Re2 53. e5 Re1 54. Ra4 Re2 55. Ra3 Re1 56. Re3 Ra1 57. Ke4 Ra4+ 58. Kd5 Ra5+ 59. Kc6 Ra6+ 60. Kb5 Ra1 61. Rd3 Re1 62. f4 Ra1 63. Kc6 Kf8 64. Kd5 Ra5+ 65. Ke4 Ra4+ 66. Kf3 Kg7 67. g4 hxg4+ 68. Kxg4 Ra1 69. f5 gxf5+ 70. Kxf5 Rf1+ 71. Ke4 Kg6 72. Rg3+ Kh5 73. Rg5+ Kxh4 74. Rf5 Rxf5 75. Kxf5 Kg3 76. Kg5 Kf3 77. Kf5 Ke3 78. Kf6 Ke4 79. e6 fxe6 80. Kxe6 1/2-1/2